The anti-development state : (Record no. 5878)

MARC details
000 -LEADER
fixed length control field 00719nam a22001817a 4500
003 - CONTROL NUMBER IDENTIFIER
control field OSt
005 - DATE AND TIME OF LATEST TRANSACTION
control field 20251120132113.0
008 - FIXED-LENGTH DATA ELEMENTS--GENERAL INFORMATION
fixed length control field 251120b |||||||| |||| 00| 0 eng d
020 ## - INTERNATIONAL STANDARD BOOK NUMBER
International Standard Book Number 971-8953-03-5
040 ## - CATALOGING SOURCE
Original cataloging agency DWC-Main lib
Transcribing agency OC
082 ## - DEWEY DECIMAL CLASSIFICATION NUMBER
Classification number Fil. 337.73 B446 2004
100 ## - MAIN ENTRY--PERSONAL NAME
Personal name Bello, W.
245 ## - TITLE STATEMENT
Title The anti-development state :
Remainder of title the political economy of permanent crisis in the Philippines
Statement of responsibility, etc. Bello, Walden
260 ## - PUBLICATION, DISTRIBUTION, ETC.
Place of publication, distribution, etc. Quezon City :
Name of publisher, distributor, etc. Dept. of Sociology, College of Social Sciences and Philosophy,
Date of publication, distribution, etc. c2004
300 ## - PHYSICAL DESCRIPTION
Extent xiii, 342 pages :
Dimensions 23 cm.
650 ## - SUBJECT ADDED ENTRY--TOPICAL TERM
Source of heading or term Political economy- Philippines
942 ## - ADDED ENTRY ELEMENTS (KOHA)
Source of classification or shelving scheme Dewey Decimal Classification
Koha item type Book-Filipiniana
Edition Best seller 2005 edition
Classification part Fil. 337.73 B446 2004
Call number prefix Fil.
Suppress in OPAC No
952 ## - LOCATION AND ITEM INFORMATION (KOHA)
--
Holdings
Withdrawn status Lost status Source of classification or shelving scheme Damaged status Not for loan Home library Current library Shelving location Date acquired Source of acquisition Total Checkouts Full call number Barcode Date last seen Copy number Price effective from Koha item type Uniform Resource Identifier
    Dewey Decimal Classification     College Library College Library Filipiniana 10/11/2005 Donation   Fil. 337.73 B446 2004 CL42490 11/20/2025 c1 11/20/2025 BK - FIL